TH-SOF-1578-Semantic Analysis of Social Media and Associated Psychotic Behavior (Record no. 576702)
[ view plain ]
| 000 -LEADER | |
|---|---|
| fixed length control field | 00396nam a22001337a 4500 |
| 082 ## - DEWEY DECIMAL CLASSIFICATION NUMBER | |
| Classification number | 200 THE |
| 100 ## - MAIN ENTRY--PERSONAL NAME | |
| Personal name | Amna Noureen |
| 9 (RLIN) | 69404 |
| 245 ## - TITLE STATEMENT | |
| Title | TH-SOF-1578-Semantic Analysis of Social Media and Associated Psychotic Behavior |
| 260 ## - PUBLICATION, DISTRIBUTION, ETC. | |
| Place of publication, distribution, etc. | ISLAMABAD |
| Name of publisher, distributor, etc. | NUST COLLEGE OF EME |
| Date of publication, distribution, etc. | 2018 |
| 300 ## - PHYSICAL DESCRIPTION | |
| Other physical details | CD |
| 650 ## - SUBJECT ADDED ENTRY--TOPICAL TERM | |
| Topical term or geographic name entry element | MS-CSE-14 MSTHESIS |
| 9 (RLIN) | 69405 |
| 700 ## - ADDED ENTRY--PERSONAL NAME | |
| Personal name | Advisor Dr. Usman Qamar |
| 9 (RLIN) | 69406 |
| 942 ## - ADDED ENTRY ELEMENTS (KOHA) | |
| Koha item type | Computer Files |
| Withdrawn status | Lost status | Damaged status | Not for loan | Collection code | Permanent Location | Current Location | Shelving location | Date acquired | Total Checkouts | Full call number | Barcode | Date last seen | Price effective from | Koha item type |
|---|---|---|---|---|---|---|---|---|---|---|---|---|---|---|
| College of Electrical & Mechanical Engineering (CEME) | College of Electrical & Mechanical Engineering (CEME) | Reference | 12/17/2019 | 200 THE | TH-SOF-1578 | 06/28/2021 | 06/28/2021 | Computer Files |
